Normal view
MARC view
- Alfred Stern
Entry Personal Name
001 - CONTROL NUMBER
- control field: 1469
003 - CONTROL NUMBER IDENTIFIER
- control field: NUST
005 - DATE AND TIME OF LATEST TRANSACTION
- control field: 20170526162049.0
008 - FIXED-LENGTH DATA ELEMENTS
- fixed length control field: 170526|| aca||aabn | a|a d
040 ## - CATALOGING SOURCE
- Original cataloging agency: NUST
- Transcribing agency: NUST
100 ## - HEADING--PERSONAL NAME
- Personal name: Alfred Stern
670 ## - SOURCE DATA FOUND
- Source citation: Work cat.: (NUST)24178: Alfred Stern, Philosphy of history and the problem of values
